000 01155nam0a2200277 4500
001 RU\NLR\bibl\1182886
005 20260406112712.0
010 _a978-5-94707-075-0
_910000
021 _aRU
_b2007-86208
_94654
035 _a(NLR Aleph) 001169482
090 _a1588210
_c1588210
100 _a20080201d2007 |||y0rusy50 ca
101 0 _arus
102 _aRU
105 _aa |||||||||
200 1 _aПрививка
_aПро мимозу
_e[для дошкольного и младшего школьного возраста]
_fС. Михалков
_g[худож. Галина Баринова]
210 _aМосква
_cЯблоко
_cДетиздат
_d2007
215 _a[16] с.
_cцв. ил.
_d22
225 1 _aЛюбимые сказки
700 1 _4070
_8rus
_7ca
_aМихалков
_bС. В.
_cписатель
_f1913-2009
_gСергей Владимирович
_3RU\NLR\AUTH\7792
_9110194
702 1 _4040
_8rus
_7ca
_aБаринова
_bГ. С.
_f1939-
_cхудожник
_gГалина Сергеевна
_3RU\NLR\auth\7750146
_933081
801 0 _aRU
_bNLR
_c20080201
_gRCR
801 1 _aRU
_bNLR
_c20080201
942 _cBOOK
980 _aNB